000 00630cam a2200205 4500500
005 20260405002322.0
041 _afre
042 _adc
100 1 0 _aPortevin, Catherine
_eauthor
245 0 0 _aFrançois Jullien. L’élan de l’expérience
260 _c2016.
500 _a88
690 _aExistence
690 _aExpérience
690 _aFrançois Jullien
690 _aLiberté
690 _aTransformation
786 0 _nPhilosophie magazine | 105 | 12-1 | 2016-12-01 | p. 35-36 | 1951-1787
856 4 1 _uhttps://shs.cairn.info/magazine-philosophie-magazine-2016-12-1-page-35?lang=fr&redirect-ssocas=7080
999 _c2056563
_d2056563